[Event "World Junior Girls 2015"]
[Site "Khanty-Mansiysk RUS"]
[Date "2015.09.14"]
[Round "12.21"]
[White "Pratyusha, Bodda"]
[Black "Voskresenskaya, Marta"]
[Result "1-0"]
[WhiteTitle "WIM"]
[WhiteElo "2326"]
[BlackElo "1703"]
[WhiteFideId "5000629"]
[BlackFideId "34127795"]
[EventDate "2015.09.02"]

1. d4 d5 2. c4 e6 3. Nc3 c6 4. e3 Nf6 5. Nf3 Nbd7 6. Qc2 Bd6 7. b3 O-O 8. Bd3 e5
9. cxd5 cxd5 10. dxe5 Nxe5 11. Be2 a6 12. Bb2 Re8 13. O-O b5 14. Rad1 Nxf3+ 15.
Bxf3 Qc7 16. Qe2 Bxh2+ 17. Kh1 Bb7 18. Nxd5 Nxd5 19. Bxd5 Bxd5 20. Rxd5 Be5 21.
Rc1 Qb8 22. Bxe5 Rxe5 23. Rd7 Re6 24. Rcc7 Rf6 25. Kg1 h6 26. Qd3 Qb6 27. Rxf7
Rxf7 28. Rxf7 Kxf7 29. Qd5+ Qe6 30. Qxa8 Qd6 31. Qb7+ Kg8 32. Qc8+ Kf7 33. Qc2
Qe5 34. g3 Qe6 35. e4 g5 36. Kg2 g4 37. Qd3 Kf6 38. Qd4+ Ke7 39. Kf1 h5 40. Ke2
Qf7 41. Qa7+ Ke8 42. Qxf7+ Kxf7 43. Ke3 a5 44. Kf4 Kf6 45. e5+ Ke6 46. Ke4 a4
47. bxa4 bxa4 48. a3 Ke7 49. Kf5 Kf7 50. Kg5 Ke6 51. Kxh5 Kxe5 52. Kxg4 Kd4 53.
f4 Kc3 54. f5 Kb3 55. f6 Kxa3 56. f7 Kb2 57. f8=Q a3 58. Qb4+ Ka2 59. Kf3 Ka1
60. Qxa3+ 1-0

[Event "World Junior Girls 2015"]
[Site "Khanty-Mansiysk RUS"]
[Date "2015.09.14"]
[Round "12.22"]
[White "Hoare, Amy B"]
[Black "Bengtsson, Jessica"]
[Result "0-1"]
[WhiteElo "2088"]
[BlackElo "2056"]
[WhiteFideId "418366"]
[BlackFideId "1711083"]
[EventDate "2015.09.02"]

1. e4 e5 2. Bc4 Nc6 3. Nc3 Nf6 4. d3 Bc5 5. f4 d5 6. exd5 Bg4 7. Qd2 exf4 8.
Qxf4 Nd4 9. Bb3 O-O 10. Kf1 Re8 11. Bd2 Qd7 12. Re1 Nh5 13. Qg5 Nxb3 14. axb3 h6
15. Qh4 Qf5+ 16. Nf3 Bxf3 17. Ne4 0-1

[Event "World Junior Girls 2015"]
[Site "Khanty-Mansiysk RUS"]
[Date "2015.09.14"]
[Round "12.23"]
[White "Musaeva, Shakhnazi"]
[Black "Milosevic, Jovana"]
[Result "0-1"]
[BlackTitle "WFM"]
[WhiteElo "1586"]
[BlackElo "2117"]
[WhiteFideId "13801643"]
[BlackFideId "900427"]
[EventDate "2015.09.02"]

1. e4 d6 2. d4 Nf6 3. Nc3 e5 4. dxe5 dxe5 5. Qxd8+ Kxd8 6. Bg5 c6 7. Nf3 Nd7 8.
Bc4 Ke8 9. a3 Bc5 10. O-O h6 11. Bh4 Nh5 12. Rad1 g5 13. Bg3 Nxg3 14. hxg3 b5
15. Ba2 Ke7 16. Ne2 f6 17. Ne1 Bb6 18. Nd3 a5 19. Kh2 Nc5 20. Nxc5 Bxc5 21. Rd2
Ba6 22. Rfd1 Rad8 23. Kg1 b4 24. axb4 axb4 25. Nc1 Rxd2 26. Rxd2 Bd4 27. Nd3 Rb8
28. b3 c5 29. Re2 Ra8 30. Bb1 Bc3 0-1

[Event "World Junior Girls 2015"]
[Site "Khanty-Mansiysk RUS"]
[Date "2015.09.14"]
[Round "12.24"]
[White "Barbier, Astrid"]
[Black "Garifullina, Leya"]
[Result "1/2-1/2"]
[WhiteElo "1835"]
[BlackElo "1776"]
[WhiteFideId "200395"]
[BlackFideId "34127035"]
[EventDate "2015.09.02"]

1. e4 e5 2. Nf3 Nc6 3. Bb5 a6 4. Ba4 Nf6 5. d3 b5 6. Bb3 Be7 7. O-O O-O 8. Re1
d6 9. c3 Na5 10. Bc2 c5 11. Nbd2 Nc6 12. Nf1 Re8 13. d4 cxd4 14. cxd4 exd4 15.
Nxd4 Nxd4 16. Qxd4 Be6 17. Ng3 Rc8 18. Qd1 Nd7 19. Bf4 Ne5 20. Nf5 Bxf5 21. exf5
Bf6 22. Rc1 Qa5 23. Re3 Nc4 24. Rxe8+ Rxe8 25. b3 Na3 26. Bd2 Qb6 27. Bb4 Bb2
28. Bxa3 Bxa3 29. Rb1 Bc5 30. Qd2 Bd4 31. g3 Rc8 32. Be4 Be5 33. Rc1 Rxc1+ 34.
Qxc1 Qc5 35. Qxc5 dxc5 36. Bb7 a5 37. Ba6 b4 38. Kg2 f6 39. Kf3 Bd4 40. Ke2 Kf7
41. f3 Ke7 42. Kd3 Kd6 43. Ke4 1/2-1/2

[Event "World Junior Girls 2015"]
[Site "Khanty-Mansiysk RUS"]
[Date "2015.09.15"]
[Round "13.1"]
[White "Buksa, Nataliya"]
[Black "Mammadzada, Gunay"]
[Result "1/2-1/2"]
[WhiteTitle "WFM"]
[BlackTitle "WGM"]
[WhiteElo "2199"]
[BlackElo "2355"]
[WhiteFideId "14123622"]
[BlackFideId "13403729"]
[EventDate "2015.09.02"]

1. e4 c5 2. Nf3 d6 3. d4 cxd4 4. Nxd4 Nf6 5. Nc3 a6 6. Be2 e5 7. Nb3 Be7 8. O-O
O-O 9. Qd3 Be6 10. Nd5 Bxd5 11. exd5 Nbd7 12. Bd2 Rc8 13. c4 b6 14. Bc3 g6 15.
Kh1 Ne8 16. f4 Bf6 17. Qd2 Bg7 18. fxe5 Nxe5 19. Qf4 Nf6 20. a4 a5 21. Nd4 Re8
22. Nb5 Qe7 23. Rae1 Nfd7 24. Bd1 Rxc4 25. Qg3 Bf6 26. Qe3 Rcc8 27. Qd2 Bg5 28.
Qd4 Rc4 29. Qg1 Rec8 30. Bxe5 Nxe5 31. Qxb6 Bd2 32. Qxd6 Qxd6 33. Nxd6 Bxe1 34.
Nxc8 Bb4 35. Na7 Rd4 36. Bb3 Rd3 37. Ba2 Bc5 38. Nc6 Ng4 39. h3 Nf2+ 40. Kh2
Bd6+ 41. Kg1 Bc5 42. Kh2 Bd6+ 43. Kg1 Bc5 44. Rc1 Ne4+ 45. Kh2 Bd6+ 46. Kg1 Bc5+
47. Kf1 Rd2 48. Bb1 Ng3+ 49. Ke1 Re2+ 50. Kd1 Bf2 51. Rc3 Rxb2 52. Bd3 Rb7 53.
d6 Rd7 54. Ne7+ Kg7 55. Nc8 Bd4 56. Rc7 Rd8 57. Bc4 Nf5 58. Rxf7+ Kh6 59. Be6
Nxd6 60. Nxd6 Rxd6 61. Bc4 Rf6 62. Rd7 Bc5 63. Rb7 Rf4 64. Bb5 Re4 65. Rc7 Bb4
66. Kc2 Re7 67. Rc4 Re2+ 68. Kb3 Rxg2 69. Rh4+ Kg7 70. Bd7 g5 71. Rg4 Rd2 72.
Bb5 Rd5 73. h4 h6 74. hxg5 hxg5 75. Bc6 Rc5 76. Rc4 Re5 77. Re4 Rf5 78. Rxb4
axb4 79. Kxb4 Rf6 80. Kc5 Rxc6+ 81. Kxc6 g4 82. a5 g3 83. a6 g2 84. a7 g1=Q 85.
Kb7 Qg2+ 86. Kb8 Qb2+ 87. Ka8 Qe5 88. Kb7 Qb5+ 89. Ka8 Qb6 1/2-1/2

[Event "World Junior Girls 2015"]
[Site "Khanty-Mansiysk RUS"]
[Date "2015.09.15"]
[Round "13.2"]
[White "Makarenko, Alexandra"]
[Black "Abdumalik, Zhansaya"]
[Result "1/2-1/2"]
[WhiteTitle "WFM"]
[BlackTitle "WGM"]
[WhiteElo "2229"]
[BlackElo "2380"]
[WhiteFideId "4165055"]
[BlackFideId "13703544"]
[EventDate "2015.09.02"]

1. e4 e5 2. Nf3 Nc6 3. Bb5 a6 4. Ba4 Nf6 5. O-O Be7 6. Qe2 b5 7. Bb3 O-O 8. c3
d6 9. Rd1 Na5 10. Bc2 c5 11. d4 Qc7 12. d5 c4 13. Nbd2 Nb7 14. h3 g6 15. Nf1 Nh5
16. a4 Bd7 17. Bh6 Rfb8 18. axb5 axb5 19. Qd2 Qc8 20. N1h2 Nc5 21. g4 Nf6 22.
Qe1 Bf8 23. Bg5 Bg7 24. Nd2 Ne8 25. f3 f5 26. exf5 gxf5 27. Qh4 Nd3 28. Kh1 Qc5
29. Rxa8 Rxa8 30. Bxd3 cxd3 31. gxf5 Bxf5 32. Rg1 Qxd5 33. Ng4 Qe6 34. Ne4 Bg6
35. Bh6 Bxh6 36. Qxh6 Ra7 37. Qe3 Ra2 38. Rg2 Kh8 39. Qxd3 h5 40. Ngf2 Rxb2 41.
Qe3 Kg7 42. Qg5 d5 43. Ng3 Kf7 44. Qd8 Rxf2 45. Rxf2 Qxh3+ 46. Rh2 Qxg3 47.
Qxd5+ Kg7 48. Rg2 Qe1+ 49. Kh2 Qh4+ 50. Kg1 Qe7 51. Qxb5 Nd6 52. Qa6 Kh7 53. c4
Bd3 54. Qa1 Nxc4 55. Qa8 Qf7 56. Qd8 Bg6 57. Qg5 Qe6 58. Ra2 Nd6 59. Ra6 Nf7 60.
Qxh5+ Bxh5 61. Rxe6 Bxf3 62. Kf2 Bd5 63. Ra6 Kg7 64. Ke3 Kf8 65. Ra5 Bc6 66. Rc5
Bg2 67. Rc2 Bh3 68. Ke4 Ke8 69. Rf2 Nh6 70. Rh2 Bf5+ 71. Kxe5 Ng4+ 72. Kxf5 Nxh2 1/2-1/2

[Event "World Junior Girls 2015"]
[Site "Khanty-Mansiysk RUS"]
[Date "2015.09.15"]
[Round "13.3"]
[White "Derakhshani, Dorsa"]
[Black "Saduakassova, Dinara"]
[Result "1/2-1/2"]
[WhiteTitle "WIM"]
[BlackTitle "WGM"]
[WhiteElo "2244"]
[BlackElo "2409"]
[WhiteFideId "12500330"]
[BlackFideId "13700090"]
[EventDate "2015.09.02"]

1. e4 e5 2. Nf3 Nc6 3. Nc3 Nf6 4. d4 exd4 5. Nxd4 Bb4 6. Nxc6 bxc6 7. Bd3 d5 8.
exd5 cxd5 9. O-O O-O 10. Bg5 c6 11. Qf3 Bd6 12. Rae1 Rb8 13. Nd1 h6 14. Bxf6
Qxf6 15. Qxf6 gxf6 16. b3 Bd7 17. Ne3 Bb4 18. Rd1 Rfe8 19. Nf5 Bxf5 20. Bxf5 Re2
21. Rd3 Rbe8 22. Rg3+ Kf8 23. Rh3 Kg7 24. Rg3+ Kf8 25. Rh3 Kg7 26. Rg3+ 1/2-1/2

[Event "World Junior Girls 2015"]
[Site "Khanty-Mansiysk RUS"]
[Date "2015.09.15"]
[Round "13.4"]
[White "Osmanodja, Filiz"]
[Black "Bivol, Alina"]
[Result "0-1"]
[WhiteTitle "WIM"]
[BlackTitle "WIM"]
[WhiteElo "2309"]
[BlackElo "2321"]
[WhiteFideId "24633569"]
[BlackFideId "4100123"]
[EventDate "2015.09.02"]

1. e4 g6 2. d4 Bg7 3. Nc3 d6 4. Be3 a6 5. Qd2 b5 6. O-O-O Bb7 7. f3 Nd7 8. g4 h6
9. h4 Rc8 10. a4 b4 11. Nce2 c5 12. dxc5 Qa5 13. Bd4 Nxc5 14. Kb1 Nf6 15. b3
Ncxe4 16. Qe3 Qc7 17. Rc1 e5 18. Ba1 Qc5 19. Qxc5 Nd2+ 20. Ka2 Rxc5 21. Bg2 Nxg4
22. fxg4 Bxg2 23. Rh2 Bb7 24. Nf4 Ne4 25. Nd3 Rc7 26. Nxb4 a5 27. Nd3 Nf6 28.
Nf2 h5 29. g5 Ng4 30. Nxg4 hxg4 31. Ne2 f5 32. gxf6 Bxf6 33. c4 Bf3 34. Nc3 Bg5
35. Rf1 Bf4 36. Rhf2 Rxh4 37. Nb5 Rd7 38. Bc3 e4 39. Nd4 Rh2 40. Rxh2 Bxh2 41.
Re1 Bg3 42. Rf1 Be5 43. Kb2 g3 44. Nxf3 exf3 45. Bxe5 g2 46. Re1 f2 0-1

[Event "World Junior Girls 2015"]
[Site "Khanty-Mansiysk RUS"]
[Date "2015.09.15"]
[Round "13.5"]
[White "Ziaziulkina, Nastassia"]
[Black "Khomeriki, Nino"]
[Result "1-0"]
[WhiteTitle "IM"]
[BlackTitle "WFM"]
[WhiteElo "2401"]
[BlackElo "2296"]
[WhiteFideId "13505211"]
[BlackFideId "13603191"]
[EventDate "2015.09.02"]

1. e4 e6 2. d4 d5 3. Nc3 Bb4 4. e5 c5 5. a3 Bxc3+ 6. bxc3 Ne7 7. Qg4 Qc7 8. Qxg7
Rg8 9. Qxh7 cxd4 10. Ne2 Nbc6 11. f4 dxc3 12. h4 d4 13. h5 Bd7 14. h6 O-O-O 15.
Qd3 Kb8 16. h7 Rh8 17. Ng3 Bc8 18. Kf2 f6 19. exf6 Nd5 20. Ne4 e5 21. Qg3 Bf5
22. Bd3 exf4 23. Qg7 Qxg7 24. fxg7 Rxh7 25. Rxh7 Bxh7 26. Nxc3 Bxd3 27. Nxd5
Bxc2 28. Bxf4+ Kc8 29. Re1 Bb3 30. Nf6 d3 31. Bd2 b6 32. g4 Kb7 33. Re3 a5 34.
g5 b5 35. Re8 Rxe8 36. Nxe8 Ne7 37. Bxa5 Kc6 38. Ke3 Bf7 39. Nf6 Nf5+ 40. Kxd3
Nxg7 41. Ke4 Kd6 42. Bb4+ Ke6 43. Nd5 Bg6+ 44. Kd4 Kd7 45. Ke5 Ne8 46. Nf4 Bf7
47. g6 Bc4 48. Bf8 Kc6 49. Ng2 Nc7 50. Ne3 Ba2 51. Nf5 Ne8 52. g7 b4 53. axb4
Kb5 54. Kf4 Kc6 55. Kg5 Kb5 56. Nd4+ Ka4 57. Kg6 Bd5 58. Nf5 Kb5 59. Bc5 Be6 60.
Nd4+ 1-0

[Event "World Junior Girls 2015"]
[Site "Khanty-Mansiysk RUS"]
[Date "2015.09.15"]
[Round "13.6"]
[White "Drogovoz, Irina"]
[Black "Fataliyeva, Ulviyya"]
[Result "0-1"]
[BlackTitle "WIM"]
[WhiteElo "2253"]
[BlackElo "2301"]
[WhiteFideId "4176715"]
[BlackFideId "13403052"]
[EventDate "2015.09.02"]

1. d4 e6 2. c4 f5 3. Nf3 Nf6 4. g3 c6 5. Bg2 d5 6. O-O Bd6 7. b3 O-O 8. Bb2 Nbd7
9. Nbd2 Qe7 10. Ne5 Ne4 11. Ndf3 Ndf6 12. Nd3 Qf7 13. Nfe5 Qh5 14. f3 Ng5 15. h4
Nf7 16. Nf4 Qh6 17. Bc1 g5 18. Nh3 Qg7 19. hxg5 Nh5 20. f4 Nxg3 21. Rf3 Ne4 22.
Nf2 Rd8 23. Qe1 c5 24. Nxe4 dxe4 25. Rg3 Nh8 26. Be3 Bxe5 27. dxe5 b6 28. a3 Ba6
29. Qc3 Rac8 30. Kf2 Ng6 31. Rh3 Rd7 32. Rhh1 Bb7 33. Rhd1 Rcd8 34. Qc2 h6 35.
Rxd7 Rxd7 36. gxh6 Qxh6 37. Rh1 Qf8 38. Rh5 Qd8 39. Ke1 Rg7 40. Qd1 Qxd1+ 41.
Kxd1 Ne7 42. Bf1 Nc6 43. Bf2 Nd4 44. b4 Rd7 45. Kc1 cxb4 46. Bxd4 Rxd4 47. e3
Rd7 48. axb4 Rg7 49. Rh2 Ba6 50. Ra2 Bc8 51. Rg2 Rg4 52. Rd2 Kf7 53. Rd8 Rg1 54.
Rxc8 Rxf1+ 55. Kb2 Re1 56. Rc7+ Ke8 57. Rxa7 Re2+ 58. Kb3 Rxe3+ 59. Ka4 Rf3 60.
Kb5 e3 61. Ra1 Rxf4 62. Re1 Re4 63. Kxb6 f4 64. c5 Rxb4+ 65. Kc7 Re4 66. Kd6 f3
67. c6 e2 68. c7 Rc4 69. Rh1 Kf7 0-1

[Event "World Junior Girls 2015"]
[Site "Khanty-Mansiysk RUS"]
[Date "2015.09.15"]
[Round "13.7"]
[White "Gaboyan, Susanna"]
[Black "Nguyen, Thi Thuy Trien"]
[Result "1/2-1/2"]
[BlackTitle "WFM"]
[WhiteElo "2107"]
[BlackElo "1939"]
[WhiteFideId "13303627"]
[BlackFideId "12404179"]
[EventDate "2015.09.02"]

1. e4 Nf6 2. Nc3 e6 3. e5 Nd5 4. Nxd5 exd5 5. d4 d6 6. Nf3 Bg4 7. Be2 Nc6 8. O-O
Be7 9. Bf4 O-O 10. c3 dxe5 11. dxe5 Bc5 12. h3 Bf5 13. Qb3 Bb6 14. Rad1 Na5 15.
Qxd5 Qxd5 16. Rxd5 Be6 17. Rd2 Nc4 18. Bxc4 Bxc4 19. Ra1 Rad8 20. b3 Rxd2 21.
Nxd2 Be6 22. Ne4 Rd8 23. Kf1 h6 24. Re1 Bf5 25. g4 Bxe4 26. Rxe4 Rd3 27. c4 Rxh3
28. b4 c5 29. Be3 Rh1+ 30. Kg2 Re1 31. bxc5 Bxc5 32. Kf3 Bxe3 33. Rxe3 Rc1 34.
Ra3 Rxc4 1/2-1/2

[Event "World Junior Girls 2015"]
[Site "Khanty-Mansiysk RUS"]
[Date "2015.09.15"]
[Round "13.8"]
[White "Kusenkova, Natallia"]
[Black "Navrotescu, Andreea-Cristiana"]
[Result "0-1"]
[BlackTitle "WFM"]
[WhiteElo "2155"]
[BlackElo "2263"]
[WhiteFideId "13506501"]
[BlackFideId "675946"]
[EventDate "2015.09.02"]

1. d4 Nf6 2. Nf3 g6 3. g3 Bg7 4. Bg2 O-O 5. O-O d5 6. c4 dxc4 7. Na3 c3 8. bxc3
c5 9. Nc4 Nc6 10. Bb2 Be6 11. Nce5 Nxe5 12. Nxe5 Bd5 13. Qd3 Bxg2 14. Kxg2 Qd5+
15. f3 cxd4 16. cxd4 Rfd8 17. Rfd1 Rac8 18. e4 Qa5 19. Qb3 e6 20. Nc4 Qa6 21.
Rac1 Bh6 22. Rc2 Ne8 23. d5 exd5 24. exd5 Rc5 25. d6 b5 26. Na3 Rxc2+ 27. Qxc2
b4 28. Nc4 Nxd6 29. Be5 Nb7 30. Rxd8+ Nxd8 31. Qb3 Bf8 32. h4 Ne6 33. h5 Nc5 34.
Qc2 gxh5 35. Qd2 Ne6 36. Ne3 Ng7 37. Nd5 Ne8 38. Qg5+ Qg6 39. Qd8 Qc2+ 40. Kf1
Qd1+ 41. Kg2 Qe2+ 0-1

[Event "World Junior Girls 2015"]
[Site "Khanty-Mansiysk RUS"]
[Date "2015.09.15"]
[Round "13.9"]
[White "Terbe, Julianna"]
[Black "Ibrahimova, Sabina"]
[Result "0-1"]
[WhiteTitle "WFM"]
[BlackTitle "WIM"]
[WhiteElo "2233"]
[BlackElo "2215"]
[WhiteFideId "708780"]
[BlackFideId "13403893"]
[EventDate "2015.09.02"]

1. d4 Nf6 2. Nf3 g6 3. Bf4 Bg7 4. e3 O-O 5. h3 d6 6. Be2 Nbd7 7. O-O Qe8 8. a4
a6 9. Nbd2 b6 10. c3 Bb7 11. Qb3 e5 12. Bh2 a5 13. Nc4 Ne4 14. Rfd1 Qe6 15. Qc2
exd4 16. exd4 Ndf6 17. Re1 Qd7 18. b4 Rfe8 19. Bd3 h6 20. b5 Ng5 21. Nxg5 hxg5
22. Ne3 g4 23. hxg4 Nxg4 24. Nxg4 Qxg4 25. Bf1 Bf6 26. Qd1 Qg5 27. Qd3 Kg7 28.
Rad1 Rh8 29. Qg3 Qh6 30. Qh3 Bh4 31. Qe3 Bxf2+ 32. Kxf2 Qxh2 33. c4 Rh5 34. Re2
Rf5+ 35. Ke1 Qh1 36. Rf2 Rxf2 37. Kxf2 Qh4+ 38. Kg1 Be4 39. d5 Re8 40. Re1 Re5
41. Qc3 Bxg2 42. Rc1 Qh1+ 43. Kf2 Bxf1 0-1

[Event "World Junior Girls 2015"]
[Site "Khanty-Mansiysk RUS"]
[Date "2015.09.15"]
[Round "13.10"]
[White "Amrayeva, Aytan"]
[Black "Bayarmaa, Bayarjargal"]
[Result "1-0"]
[WhiteTitle "WCM"]
[BlackTitle "WFM"]
[WhiteElo "2145"]
[BlackElo "2265"]
[WhiteFideId "13405101"]
[BlackFideId "4900260"]
[EventDate "2015.09.02"]

1. c4 e5 2. Nc3 Nc6 3. g3 Bc5 4. Bg2 a6 5. a3 Ba7 6. e3 d6 7. Nge2 h5 8. h3 Nf6
9. d4 O-O 10. O-O Bf5 11. b4 Qc8 12. Kh2 Ne7 13. Bb2 c6 14. Rc1 Ng6 15. e4 Bd7
16. f4 exd4 17. Nxd4 h4 18. Nce2 c5 19. Nf5 Bxf5 20. exf5 Qxf5 21. g4 Qd7 22. f5
Ne7 23. Bxf6 gxf6 24. Nf4 d5 25. Nh5 Bb8+ 26. Kh1 Qd6 27. Nf4 cxb4 28. c5 Qe5
29. axb4 Rd8 30. Qd2 a5 31. b5 b6 32. Rce1 Qc7 33. cxb6 Qd6 34. Qd4 a4 35. Rf2
a3 36. Bf1 Kf8 37. Nh5 Ng8 38. g5 Re8 39. Rxe8+ Kxe8 40. Re2+ Kd8 41. Qe3 Qe5
42. Qc5 Qd6 43. b7 Qxc5 44. bxa8=Q Qd6 45. Qc6 Ne7 46. Qxd6+ Bxd6 47. Nxf6 Nxf5
48. Re8+ Kc7 49. Nxd5+ Kb7 50. Bc4 1-0

[Event "World Junior Girls 2015"]
[Site "Khanty-Mansiysk RUS"]
[Date "2015.09.15"]
[Round "13.12"]
[White "Rodriguez Rueda, Paula Andrea"]
[Black "Lingur, Zalina"]
[Result "1-0"]
[WhiteTitle "IM"]
[BlackTitle "WFM"]
[WhiteElo "2358"]
[BlackElo "2128"]
[WhiteFideId "4404564"]
[BlackFideId "34165670"]
[EventDate "2015.09.02"]

1. d4 Nf6 2. c4 e6 3. Nc3 Bb4 4. e3 O-O 5. Bd3 d5 6. Nf3 c5 7. O-O cxd4 8. exd4
dxc4 9. Bxc4 a6 10. Bg5 b5 11. Bd3 Bb7 12. Rc1 Be7 13. a3 Nbd7 14. Bb1 Re8 15.
Re1 Rc8 16. Ne5 Nxe5 17. dxe5 Nd5 18. Bxe7 Qxe7 19. Ne4 Rxc1 20. Qxc1 Rc8 21.
Qd2 Ba8 22. Qd3 Qh4 23. g3 Qh5 24. f4 g6 25. Ba2 Kg7 26. Bb3 Qg4 27. Qf1 Qh5 28.
Bd1 Qh6 29. Qd3 Rc1 30. Qd2 Rc7 31. Bf3 Kh8 32. Rc1 Rxc1+ 33. Qxc1 Qf8 34. Nd6
Kg7 35. Bxd5 Bxd5 36. Qc7 h5 37. Qa7 Qa8 38. Qxf7+ Kh6 39. Ne8 h4 40. Qg7+ 1-0

[Event "World Junior Girls 2015"]
[Site "Khanty-Mansiysk RUS"]
[Date "2015.09.15"]
[Round "13.13"]
[White "Wozniak, Mariola"]
[Black "Ivanova, Karina"]
[Result "1/2-1/2"]
[WhiteTitle "WCM"]
[BlackTitle "WFM"]
[WhiteElo "2198"]
[BlackElo "2177"]
[WhiteFideId "1152050"]
[BlackFideId "24139750"]
[EventDate "2015.09.02"]

1. e4 c6 2. d4 d5 3. Nc3 dxe4 4. Nxe4 Bf5 5. Ng3 Bg6 6. Nh3 e6 7. Nf4 Bd6 8.
Ngh5 Bxh5 9. Nxh5 g6 10. Ng3 Nf6 11. c3 Nbd7 12. Qf3 Qe7 13. Bd3 O-O-O 14. O-O
Nd5 15. Ne4 f5 16. Nxd6+ Qxd6 17. Bc4 Rde8 18. Bb3 N7f6 19. c4 Nc7 20. Rd1 e5
21. dxe5 Qxe5 22. Be3 Ng4 23. Bf4 Qe2 24. Bxc7 Kxc7 25. Qf4+ Qe5 26. Qxe5+ Rxe5
27. h3 Nf6 28. Kf1 Rd8 29. Bc2 Rxd1+ 30. Rxd1 c5 31. a3 Re8 32. g3 Rd8 33. Rxd8
Kxd8 34. Ke2 Ke7 35. Ke3 Ke6 36. Bd1 h6 37. Bf3 b6 38. Bb7 Ne8 39. f3 Nd6 40.
Bd5+ Kf6 41. f4 Ne8 42. Bc6 1/2-1/2

[Event "World Junior Girls 2015"]
[Site "Khanty-Mansiysk RUS"]
[Date "2015.09.15"]
[Round "13.14"]
[White "Saranya, J"]
[Black "Pratyusha, Bodda"]
[Result "1-0"]
[WhiteTitle "WFM"]
[BlackTitle "WIM"]
[WhiteElo "2144"]
[BlackElo "2326"]
[WhiteFideId "5031931"]
[BlackFideId "5000629"]
[EventDate "2015.09.02"]

1. e4 e5 2. Nf3 Nc6 3. Bc4 Bc5 4. c3 Nf6 5. d4 exd4 6. cxd4 Bb4+ 7. Bd2 Bxd2+ 8.
Nbxd2 d5 9. exd5 Nxd5 10. Qb3 Nce7 11. O-O O-O 12. Rfe1 c6 13. Ne4 h6 14. Rac1
Nb6 15. Bf1 Nf5 16. Rcd1 Be6 17. Qc2 Bd5 18. Ne5 Nd6 19. Nc3 Be6 20. Bd3 Re8 21.
f4 Nd5 22. Qf2 f6 23. f5 Nxc3 24. bxc3 Bd5 25. c4 Bf7 26. c5 fxe5 27. dxe5 Nc8
28. e6 Bg6 29. fxg6 Qf6 30. Qxf6 gxf6 31. Bc4 b5 32. Bb3 Ne7 33. Rd7 Kg7 34.
Red1 Kxg6 35. Bc2+ f5 36. g4 Kf6 37. gxf5 Rg8+ 38. Kh1 Rg5 39. Rf1 a5 40. Be4
Rg4 41. Rxe7 Rxe4 42. Rf7+ Ke5 43. e7 Re8 44. f6 1-0

[Event "World Junior Girls 2015"]
[Site "Khanty-Mansiysk RUS"]
[Date "2015.09.15"]
[Round "13.15"]
[White "Utiatskaja, Irina"]
[Black "Michelle Catherina, P"]
[Result "0-1"]
[WhiteTitle "WFM"]
[BlackTitle "WIM"]
[WhiteElo "2201"]
[BlackElo "2259"]
[WhiteFideId "24140848"]
[BlackFideId "5005736"]
[EventDate "2015.09.02"]

1. Nf3 d5 2. c4 e6 3. g3 Nf6 4. Bg2 dxc4 5. Qa4+ c6 6. Qxc4 b5 7. Qc2 Bb7 8. O-O
Be7 9. Nc3 a6 10. d4 Nbd7 11. Rd1 Qb6 12. Ne5 Nxe5 13. dxe5 Nd5 14. Nxd5 cxd5
15. Be3 Qd8 16. a4 b4 17. a5 O-O 18. Bb6 Qb8 19. Rac1 Rc8 20. Bc7 Qa7 21. Qa4
Bc5 22. Bd6 Bc6 23. Qb3 Bxf2+ 24. Kh1 Bb5 25. Bf3 Qe3 26. Qxe3 Bxe3 27. Rxc8+
Rxc8 28. Bxb4 Rc2 29. Bc3 Bxe2 30. Bxe2 Rxe2 31. b4 Rc2 32. Rd3 Ba7 33. Bd2 h6
34. h4 Bf2 35. Bc3 h5 36. Bd4 Bxd4 37. Rxd4 Rc4 38. Rf4 d4 39. b5 axb5 40. Kg2
Ra4 41. Kf3 Ra3+ 42. Ke2 d3+ 43. Kd2 Rxa5 44. Rb4 Ra2+ 45. Kxd3 Ra3+ 46. Kd4
Rxg3 47. Kc5 Rg4 48. Rxb5 Rxh4 49. Kd6 g5 50. Ke7 Kg7 0-1

[Event "World Junior Girls 2015"]
[Site "Khanty-Mansiysk RUS"]
[Date "2015.09.15"]
[Round "13.16"]
[White "Vasova, Maria"]
[Black "Badamkhand, Norovsambuu"]
[Result "1/2-1/2"]
[WhiteElo "2069"]
[BlackElo "2001"]
[WhiteFideId "2900955"]
[BlackFideId "4901681"]
[EventDate "2015.09.02"]

1. e4 c6 2. d4 d5 3. Nd2 dxe4 4. Nxe4 Bf5 5. Ng3 Bg6 6. Nh3 Nf6 7. Nf4 Nd5 8. h4
Nxf4 9. Bxf4 h6 10. h5 Bh7 11. c3 e6 12. Bd3 Bxd3 13. Qxd3 Bd6 14. Bxd6 Qxd6 15.
O-O-O Nd7 16. Ne4 Qc7 17. Kb1 O-O-O 18. Qe2 Qf4 19. g3 Qf5 20. g4 Qf4 21. Qe3
Qxe3 22. fxe3 Nb6 23. Rhf1 f6 24. Kc2 Rhe8 25. b3 Nd5 26. Rde1 e5 27. Rf2 Kc7
28. Rfe2 Rd7 29. Ng3 a5 30. Nf5 b5 31. c4 bxc4 32. bxc4 Nb6 33. Kd3 Na4 34. Rc1
Nc5+ 35. Kd2 Ne4+ 36. Ke1 Rb8 37. Rec2 Nd6 38. d5 Nxf5 39. gxf5 e4 40. Kf2 cxd5
41. cxd5+ Kd6 42. Kg3 Ke5 43. Kg4 Rbb7 44. Rc6 Rd6 45. Rc7 Rb2 46. Re7+ Kxd5 47.
Rec7 Ke5 48. Re7+ Kd5 49. Rec7 1/2-1/2

[Event "World Junior Girls 2015"]
[Site "Khanty-Mansiysk RUS"]
[Date "2015.09.15"]
[Round "13.17"]
[White "Monnisha, G K"]
[Black "Sazonova, Anastasia"]
[Result "1-0"]
[WhiteTitle "WFM"]
[BlackTitle "WFM"]
[WhiteElo "2004"]
[BlackElo "2020"]
[WhiteFideId "5009936"]
[BlackFideId "24131008"]
[EventDate "2015.09.02"]

1. b3 e5 2. Bb2 Nc6 3. e3 Nge7 4. Ne2 g6 5. d4 d6 6. Nbc3 Bg7 7. d5 Nb8 8. Qd2
a5 9. a4 Na6 10. Ng3 f5 11. h4 O-O 12. Bxa6 Rxa6 13. h5 c6 14. hxg6 hxg6 15.
O-O-O c5 16. f4 e4 17. Nb5 Rf7 18. Rh3 Bxb2+ 19. Kxb2 Rg7 20. Rdh1 Kf7 21. Rh8
Ng8 22. Qc3 Qf6 23. Qxf6+ Kxf6 24. Nc7 Rxc7 25. Rxg8 Kf7 26. Rgh8 Kf6 27. R1h6
b6 28. Nh5+ 1-0

[Event "World Junior Girls 2015"]
[Site "Khanty-Mansiysk RUS"]
[Date "2015.09.15"]
[Round "13.18"]
[White "Leonardi, Caterina"]
[Black "Assaubayeva, Bibissara"]
[Result "0-1"]
[BlackTitle "WFM"]
[WhiteElo "2080"]
[BlackElo "2241"]
[WhiteFideId "14601036"]
[BlackFideId "13708694"]
[EventDate "2015.09.02"]

1. d4 Nf6 2. c4 g6 3. Nc3 Bg7 4. e4 d6 5. f4 O-O 6. Nf3 c5 7. d5 e6 8. dxe6 fxe6
9. Bd3 Nc6 10. O-O Nd4 11. Kh1 Bd7 12. Rb1 a5 13. Ne2 Ne8 14. Be3 Nxf3 15. Rxf3
Bc6 16. Qc2 Nf6 17. Rg3 Qe7 18. f5 exf5 19. exf5 Ne4 20. Rh3 Rxf5 21. Nc3 Bxc3
22. bxc3 Raf8 23. Kg1 Re5 24. Re1 Nf2 25. Rg3 Nxd3 26. Qxd3 Re8 27. h3 Be4 28.
Qd2 Bf5 29. Kh2 Qe6 30. a3 Re4 31. Qb2 Re7 32. Qb6 Qe5 33. Qd8+ Kg7 34. Re2 h5
35. Bh6+ Kxh6 36. Rxe4 Bxe4 37. h4 Re8 0-1